Southville International School and Colleges
Your cart is empty.
  • Cart
  • Lists
    Public lists Eva Luna New books Lux_list list_1
    Your lists Log in to create your own lists
  • Log in to your account
  • Your cookies
  • Search history
Southville International School and Colleges
  • Advanced search
  • Recent comments
  • Most popular
  • Libraries

Log in to your account

Log in with GOOGLE


If you do not have an external account, but do have a local account, you can still log in:

  1. Home
  2. MARC view: Scholastic treasury of quotations for children /
Normal view MARC view ISBD view

Scholastic treasury of quotations for children / (Record no. 105443)

[ view plain ]
MARC details
000 -LEADER
fixed length control field 00636nam a2200181 a 4500
005 - DATE AND TIME OF LATEST TRANSACTION
control field 20140412111359.0
008 - FIXED-LENGTH DATA ELEMENTS--GENERAL INFORMATION
fixed length control field 060126s19uu xx 00 eng d
020 ## - INTERNATIONAL STANDARD BOOK NUMBER
International Standard Book Number 0-590-27146-6
050 ## - LIBRARY OF CONGRESS CALL NUMBER
Classification number R 082
Item number B35 1998
100 ## - MAIN ENTRY--PERSONAL NAME
Personal name Betz, Adrienne
245 ## - TITLE STATEMENT
Title Scholastic treasury of quotations for children /
Statement of responsibility, etc Complied and written by Adrienne Bets.
260 ## - PUBLICATION, DISTRIBUTION, ETC. (IMPRINT)
Place of publication, distribution, etc New York :
Name of publisher, distributor, etc Scholastic Inc.,
Date of publication, distribution, etc 1998.
300 ## - PHYSICAL DESCRIPTION
Extent 253 p.
520 ## - SUMMARY, ETC.
Summary, etc Presents 1,200 quotations from ancient to modern times on topics such as cooperation, growing up, nature, success, and faith.
650 ## - SUBJECT ADDED ENTRY--TOPICAL TERM
Topical term or geographic name as entry element Quotations, English
Holdings
Withdrawn status Lost status Source of classification or shelving scheme Damaged status Home library Current library Shelving location Date acquired Source of acquisition Cost, normal purchase price Total Checkouts Full call number Barcode Date last seen Price effective from Koha item type
    Dewey Decimal Classification   Elizalde Library Elizalde Library Reference Section 01/26/2006 Donation 825.00   REF 082 B35 1998 E10147 04/12/2014 04/12/2014 Books
    Dewey Decimal Classification   Elizalde Library Elizalde Library Reference Section 04/05/2006 Donation 825.00   REF 082 B35 1998 E10283 04/12/2014 04/12/2014 Books

Scholastic treasury of quotations for children /

APA

Betz A., . (1998). Scholastic treasury of quotations for children. New York: Scholastic Inc.

Chicago

Betz Adrienne, . 1998. Scholastic treasury of quotations for children. New York: Scholastic Inc.

Harvard

Betz A., . (1998). Scholastic treasury of quotations for children. New York: Scholastic Inc.

MLA

Betz Adrienne, . Scholastic treasury of quotations for children. New York: Scholastic Inc. 1998.

  • Place hold
  • Print
  • Cite
  • Add to your cart (remove)
  • Save record
    BIBTEX Dublin Core MARCXML MARC (non-Unicode/MARC-8) MARC (Unicode/UTF-8) MARC (Unicode/UTF-8, Standard) MODS (XML) RIS
  • More searches
    Search for this title in:
    Other Libraries (WorldCat) Other Databases (Google Scholar) Online Stores (Bookfinder.com) Open Library (openlibrary.org)

Exporting to Dublin Core...

SOUTHVILLE LIBRARY

Southville International School and Colleges Library

1281 Tropical Ave. Cor. Luxembourg St., BF Homes International, Las Pinas City

Tel. No. 8256374 / 252358 Loc. 117/146

Powered by Koha